2025 MLB Home Run Leaders - Statistics

General Stats
  • This quiz has been taken 107 times
  • The average score is 25 of 33
Answer Stats
Team HR Answer % Correct
NYY 53 Aaron Judge
100%
Sea 60 Cal Raleigh
100%
PHI 56 Kyle Schwarber
100%
LAD 55 Shohei Ohtani
99%
NYM 43 Juan Soto
95%
NYM 38 Pete Alonso
95%
SEA 49 Eugenio Suárez
90%
ATH 36 Nick Kurtz
84%
TB 45 Junior Caminero
83%
DET 36 Riley Greene
83%
NYM 31 Francisco Lindor
81%
CHC 31 Pete Crow-Armstrong
81%
MIN 35 Byron Buxton
80%
SEA 32 Julio Rodriguez
79%
CLE 30 José Ramírez
77%
KC 30 Salvador Perez
77%
ATH 30 Brent Rooker
75%
CHC 32 Seiya Suzuki
74%
AZ 31 Corbin Carroll
70%
TOR 32 George Springer
68%
WSH 31 James Wood
67%
LAA 37 Jo Adell
67%
NYY 31 Jazz Chisholm Jr.
65%
SF 35 Rafael Devers
64%
LAA 36 Taylor Ward
63%
KC 32 Vinnie Pasquantino
62%
CHC 34 Michael Busch
60%
SF 30 Willy Adames
58%
COL 31 Hunter Goodman
57%
DET 31 Spencer Torkelson
57%
TB 31 Brandon Lowe
53%
NYY 34 Trent Grisham
53%
ATH 31 Shea Langeliers
51%
No matching quizzes found
Score Distribution
Percent of People with Each Score
Percentile by Number Answered
Your Score History
You have not taken this quiz